[Event "AUTO-ELITE-1325"]
[Site "http://www.queenalice.com/game.php?id=1279517"]
[Date "2014.5.6"]
[Round "1"]
[White "vult0"]
[Black "jujajo11"]
[Result "0-1"]
[WhiteElo "2245"]
[BlackElo "2385"]

1. d4 d5 2. c4 c6 3. Nc3 e6 4. e3 Nf6 5. Nf3 Bb4 6. Bd3 h6 7. O-O O-O 8. a3 Bd6
9. Ne5 c5 10. cxd5 exd5 11. b3 cxd4 12. exd4 Nc6 13. Nxc6 bxc6 14. Ne2 Rb8 15.
b4 a5 16. bxa5 Qxa5 17. Bf4 Bxf4 18. Nxf4 Re8 19. Qc2 Bd7 20. f3 Re3 21. Ne2 c5
22. dxc5 Ba4 23. Qc3 Qxc3 24. Nxc3 Bb3 25. Rab1 Rxd3 0-1

[Event "AUTO-ELITE-1325"]
[Site "http://www.queenalice.com/game.php?id=1279518"]
[Date "2014.5.6"]
[Round "1"]
[White "jujajo11"]
[Black "vult0"]
[Result "0-1"]
[WhiteElo "2354"]
[BlackElo "2231"]

1. d4 d5 2. Nf3 Nf6 3. g3 e6 4. Bg2 c5 5. c3 Nc6 6. O-O Bd6 7. Na3 a6 8. dxc5
Bxc5 9. Bf4 O-O 10. Nc2 Ng4 11. b4 Bb6 12. Ncd4 Qf6 13. Nxc6 bxc6 14. h3 e5 15.
Bg5 Qg6 16. hxg4 e4 17. Qd2 exf3 18. exf3 f5 19. gxf5 Bxf5 20. a4 Bd3 21. Rfe1
Bc4 22. a5 Ba7 23. Be3 Bxe3 24. Rxe3 Rae8 25. Rae1 Rxe3 26. Qxe3 Qc2 27. Qe6+
Kh8 0-1

[Event "AUTO-ELITE-1250"]
[Site "http://www.queenalice.com/game.php?id=1279730"]
[Date "2014.5.7"]
[Round "2"]
[White "jujajo11"]
[Black "krodo"]
[Result "0-1"]
[WhiteElo "2313"]
[BlackElo "2570"]

1. Nf3 Nf6 2. c4 c5 3. Nc3 e6 4. g3 b6 5. Bg2 Bb7 6. d3 Be7 7. O-O O-O 8. Bf4 d6
9. Qa4 Nc6 10. a3 Qc8 11. Rac1 Nd4 12. b4 Rd8 13. e4 Nd7 14. Qd1 Nxf3+ 15. Qxf3
Ne5 16. Qe2 Nc6 17. Rb1 Bf6 18. Nb5 Ne5 19. Bd2 Nc6 20. Bf4 Ne5 21. Rb3 a6 22.
Nc3 Nc6 23. Qa2 b5 24. bxc5 dxc5 25. cxb5 Nd4 26. Na4 axb5 27. Nb6 Qc6 28. Nxa8
Rxa8 29. Rbb1 b4 30. Bc1 Nb5 0-1

[Event "AUTO-ELITE-1250"]
[Site "http://www.queenalice.com/game.php?id=1279731"]
[Date "2014.5.7"]
[Round "2"]
[White "krodo"]
[Black "jujajo11"]
[Result "1-0"]
[WhiteElo "2567"]
[BlackElo "2317"]

1. d4 Nf6 2. c4 e6 3. Nf3 d5 4. Nc3 c6 5. e3 Bb4 6. a3 Bxc3+ 7. bxc3 O-O 8. Bd3
h6 9. O-O Qc7 10. a4 dxc4 11. Bxc4 c5 12. Bd3 b6 13. a5 Bb7 14. Qe2 Bxf3 15.
Qxf3 Nc6 16. axb6 axb6 17. Rxa8 Rxa8 18. Bb5 Rc8 19. Bb2 Ne8 20. Rd1 Nd6 21. Ba6
Ra8 22. Bd3 c4 23. Bb1 Ra5 24. e4 Ne7 25. Qg4 Qd7 26. d5 f5 27. dxe6 Qxe6 28.
exf5 Nexf5 29. h3 Re5 30. Kh2 1-0

[Event "AUTO-ELITE-1327"]
[Site "http://www.queenalice.com/game.php?id=1280386"]
[Date "2014.5.9"]
[Round "1"]
[White "Sexxy_Bunny"]
[Black "jujajo11"]
[Result "1-0"]
[WhiteElo "2497"]
[BlackElo "2331"]

1. e4 c5 2. Nf3 d6 3. d4 cxd4 4. Nxd4 a6 5. Nc3 Nf6 6. Be3 e6 7. f3 Be7 8. Qd2
O-O 9. g4 Nc6 10. O-O-O Nxd4 11. Bxd4 b5 12. g5 Nd7 13. h4 Rb8 14. Kb1 Bb7 15.
a3 Bc6 16. Na2 a5 17. Rg1 e5 18. Be3 Nc5 19. h5 Qc7 20. g6 fxg6 21. hxg6 hxg6
22. Rxg6 Kf7 23. Qg2 Bf6 24. Nc3 Ne6 25. Bd3 b4 26. Nd5 Bxd5 27. exd5 bxa3 28.
dxe6+ Ke8 29. Rxf6 Rxf6 30. Rh1 Rxb2+ 31. Ka1 1-0

[Event "AUTO-ELITE-1327"]
[Site "http://www.queenalice.com/game.php?id=1280387"]
[Date "2014.5.9"]
[Round "1"]
[White "jujajo11"]
[Black "Sexxy_Bunny"]
[Result "0-1"]
[WhiteElo "2324"]
[BlackElo "2502"]

1. Nf3 d5 2. d4 Nf6 3. g3 c6 4. Bg2 Bf5 5. O-O e6 6. Nh4 Bg4 7. Nc3 Bh5 8. Qd3
Be7 9. h3 O-O 10. g4 Ne8 11. gxh5 Bxh4 12. h6 g6 13. e4 Na6 14. a3 Nd6 15. Bf4
Bg5 16. Qg3 Bxf4 17. Qxf4 Nc7 18. Rfe1 f6 19. Rad1 Rf7 20. h4 Qf8 21. Rd3 Re8
22. Qd2 Nc4 23. Qc1 f5 24. exd5 exd5 25. Rxe8 Qxe8 26. b3 Re7 27. Bf1 Nd6 28. h5
Qf7 29. Qf4 Ne4 30. hxg6 hxg6 31. Rh3 Kh7 0-1

[Event "AUTO-ELITE-1327"]
[Site "http://www.queenalice.com/game.php?id=1280390"]
[Date "2014.5.9"]
[Round "1"]
[White "Lucascg"]
[Black "jujajo11"]
[Result "0-1"]
[WhiteElo "2199"]
[BlackElo "2378"]

1. e4 c5 2. Nf3 d6 3. d4 cxd4 4. Nxd4 Nf6 5. Nc3 a6 6. Bc4 g6 7. Bg5 Bg7 8. Qd2
O-O 9. Bh6 Bxh6 10. Qxh6 Qb6 11. O-O-O Nc6 12. Qd2 Qc5 13. Be2 Bd7 14. f3 Nxd4
15. Qxd4 Qg5+ 16. Kb1 Qxg2 17. h4 Qg3 18. Rdg1 Qe5 19. Qe3 Qc5 20. Qd2 Kh8 21.
f4 Bc6 0-1

[Event "AUTO-ELITE-1327"]
[Site "http://www.queenalice.com/game.php?id=1280391"]
[Date "2014.5.9"]
[Round "1"]
[White "jujajo11"]
[Black "Lucascg"]
[Result "1-0"]
[WhiteElo "2371"]
[BlackElo "2202"]

1. c4 f5 2. Nc3 Nf6 3. Nf3 e6 4. d3 d5 5. cxd5 exd5 6. g3 c6 7. Bg2 Bc5 8. O-O
O-O 9. Bf4 Nbd7 10. Na4 Re8 11. Nxc5 Nxc5 12. Qc2 Ne6 13. Be5 Ng4 14. Bc3 d4 15.
Bd2 Qd6 16. Rac1 Bd7 17. Qb3 b6 18. Bf4 1-0

[Event "AUTO-ELITE-1328"]
[Site "http://www.queenalice.com/game.php?id=1280781"]
[Date "2014.5.10"]
[Round "1"]
[White "jujajo11"]
[Black "tucot"]
[Result "0-1"]
[WhiteElo "2257"]
[BlackElo "2344"]

1. Nf3 Nf6 2. g3 d5 3. Bg2 Nc6 4. d4 Bf5 5. O-O e6 6. Nh4 Bg4 7. Nc3 h6 8. h3
Bh5 9. Be3 g5 10. Nf3 a6 11. Rc1 b5 12. Ne5 Nxe5 13. dxe5 Ng8 14. a4 c6 15. Re1
Bb4 16. axb5 axb5 17. Qd2 Ne7 18. Ra1 Bg6 19. Bb6 Qb8 20. Bc7 Qb7 21. Rxa8+ Qxa8
22. Bd6 c5 23. h4 Nf5 24. hxg5 Qa6 25. gxh6 d4 26. e4 Nxd6 27. exd6 Qxd6 28. e5
Bxc3 29. bxc3 Qe7 30. Bc6+ Kf8 31. Bxb5 Kg8 32. Ra1 Kh7 33. cxd4 Rd8 34. c3 cxd4
35. cxd4 Qb7 36. Bf1 Qe4 37. Ra4 Qxe5 38. g4 Qe4 39. f4 Rc8 40. Rc4 Rxc4 41.
Bxc4 Qf3 42. Be2 Qg3+ 43. Kf1 Be4 44. Ba6 Qxg4 0-1

[Event "AUTO-ELITE-1328"]
[Site "http://www.queenalice.com/game.php?id=1280782"]
[Date "2014.5.10"]
[Round "1"]
[White "tucot"]
[Black "jujajo11"]
[Result "1-0"]
[WhiteElo "2344"]
[BlackElo "2290"]

1. d4 Nf6 2. c4 d5 3. cxd5 Qxd5 4. Nc3 Qa5 5. Nf3 c5 6. d5 b5 7. e3 b4 8. Qa4+
Qxa4 9. Nxa4 e6 10. dxe6 Bxe6 11. b3 Nbd7 12. Bb2 Be7 13. Ba6 O-O 14. Rc1 Rad8
15. Ke2 Ne4 16. Bd3 f5 17. Rhd1 Nb6 18. Bb5 Rxd1 19. Rxd1 f4 20. exf4 Rxf4 21.
Nxb6 axb6 22. Ke3 Rg4 23. Bd7 Kf7 24. Ne5+ Kf8 25. Nxg4 Nc3 26. Bxc3 Bxg4 27.
Bxg7+ Kxg7 28. Bxg4 b5 29. Rd7 Kf6 30. Rb7 c4 31. Rxb5 c3 32. Bd1 h6 33. Bc2 Ke6
34. f4 Kf6 35. Ke4 Ke6 36. Rb6+ 1-0

[Event "AUTO-ELITE-1328"]
[Site "http://www.queenalice.com/game.php?id=1280783"]
[Date "2014.5.10"]
[Round "1"]
[White "jujajo11"]
[Black "Sexxy_Bunny"]
[Result "0-1"]
[WhiteElo "2393"]
[BlackElo "2476"]

1. d4 Nf6 2. Nf3 d5 3. h3 c5 4. Nc3 cxd4 5. Qxd4 Nc6 6. Qa4 Bd7 7. Qf4 e5 8.
Nxe5 d4 9. Nxd7 Qxd7 10. Ne4 Nd5 11. Qf3 f5 12. Nd2 Ncb4 13. Qb3 Rc8 14. Nc4 a5
15. a4 Qe6 16. Na3 Be7 17. g3 Qe4 18. Rg1 Rxc2 19. f3 Rxc1+ 20. Rxc1 Qe6 21. Rg2
d3 22. Nb5 Qe3 23. Rc3 Nxc3 24. Qxc3 O-O 25. Qd2 Qe6 26. e3 Nc2+ 27. Kf2 Bc5 0-1

[Event "AUTO-ELITE-1328"]
[Site "http://www.queenalice.com/game.php?id=1280784"]
[Date "2014.5.10"]
[Round "1"]
[White "Sexxy_Bunny"]
[Black "jujajo11"]
[Result "1-0"]
[WhiteElo "2492"]
[BlackElo "2338"]

1. e4 c5 2. Nf3 a6 3. c3 d6 4. d4 cxd4 5. cxd4 Nf6 6. Nc3 e6 7. Bd3 Nc6 8. a3
Be7 9. O-O O-O 10. Re1 h6 11. e5 Nd7 12. Bc2 dxe5 13. dxe5 f5 14. exf6 Nxf6 15.
Qe2 Qc7 16. Be3 Ng4 17. Rad1 Nxe3 18. Qxe3 Qf4 19. Qd3 Qf5 20. Qe2 Qa5 21. b4
Qxa3 22. Qe4 Rf5 23. g4 Qxc3 24. gxf5 Qxb4 25. Nd4 exf5 26. Qd5+ Kh8 27. Nxc6
bxc6 28. Qxc6 1-0

[Event "AUTO-OPEN-3098"]
[Site "http://www.queenalice.com/game.php?id=1289564"]
[Date "2014.6.20"]
[Round "3"]
[White "Lopesq"]
[Black "jujajo11"]
[Result "1-0"]
[WhiteElo "1819"]
[BlackElo "2280"]

1. d4 d5 2. Nf3 Nf6 3. c3 e6 4. Bg5 Be7 5. Nbd2 O-O 6. e3 c6 7. Be2 Nbd7 8. h3
h6 9. Bh4 a5 10. Bg3 b5 11. Ne5 Nxe5 12. Bxe5 Nd7 13. Bh2 Nb6 14. b3 Ba3 15. Bg3
Bb2 16. Rb1 Bxc3 17. O-O Bb7 18. Nf3 1-0